[Event "Internet blitz 5'"]
[Site "ICC INT"]
[Date "1998.07.01"]
[Round "?"]
[White "Gurevich, Ilya"]
[Black "Kasparov, Garry"]
[Result "0-1"]
[WhiteElo "2580"]
[BlackElo "2825"]
[PlyCount "62"]
[EventDate "1998.05.24"]
[EventType "match (blitz)"]
[EventRounds "1"]
[EventCountry "USA"]
[SourceTitle "EXT 2003"]
[Source "ChessBase"]
[SourceDate "2002.11.25"]
[SourceVersion "1"]
[SourceVersionDate "2002.11.25"]
[SourceQuality "1"]

1. e4 c5 2. Nf3 d6 3. d4 cxd4 4. Nxd4 Nf6 5. Nc3 Nc6 6. Bg5 e6 7. Qd2 Be7 8. 0-0-0 Nxd4 9. Qxd4 a6 10. Kb1 0-0 11. e5 dxe5 12. Qxe5 Bd7 13. Bd3 Qb8 14. Bxf6 Bxf6 15. Qxb8 Raxb8 16. Bxh7+ Kxh7 17. Rxd7 Bxc3 18. bxc3 Kg6 19. Rhd1 f5 20. Re7 Kf6 21. Rdd7 g5 22. Rxb7 Rxb7+ 23. Rxb7 g4 24. c4 Rc8 25. Ra7 Rxc4 26. Rxa6 Rf4 27. a4 Rxf2 28. Rb6 Rxg2 29. a5 Rxh2 30. a6 Rh8 31. Kc1 g3 0-1

[Event "Internet blitz 5'"]
[Site "ICC INT"]
[Date "1998.06.07"]
[Round "?"]
[White "Kasparov, Garry"]
[Black "Gurevich, Ilya"]
[Result "1-0"]
[WhiteElo "2825"]
[BlackElo "2580"]
[PlyCount "67"]
[EventDate "1998.05.24"]
[EventType "match (blitz)"]
[EventRounds "1"]
[EventCountry "USA"]
[SourceTitle "EXT 2003"]
[Source "ChessBase"]
[SourceDate "2002.11.25"]
[SourceVersion "1"]
[SourceVersionDate "2002.11.25"]
[SourceQuality "1"]

1. d4 Nf6 2. Nf3 g6 3. g3 Bg7 4. Bg2 d5 5. 0-0 0-0 6. Ne5 a5 7. c4 c6 8. Nc3 Bf5 9. Bf4 dxc4 10. Nxc4 b5 11. Ne5 b4 12. Na4 Nd5 13. Bd2 Bxe5 14. dxe5 Nb6 15. Nc5 N8d7 16. e4 Nxc5 17. exf5 Nc4 18. Bh6 Qxd1 19. Rfxd1 Nxb2 20. Bxf8 Kxf8 21. Rd4 Rc8 22. f6 exf6 23. exf6 Ne6 24. Rd6 c5 25. Bb7 Rb8 26. Bd5 Nc7 27. Re1 Nxd5 28. Rxd5 c4 29. Rd7 Re8 30. Rxe8+ Kxe8 31. Re7+ Kd8 32. Rxf7 c3 33. Re7 Nd3 34. Re2 1-0

[Event "New York MCC"]
[Site "New York"]
[Date "1994.??.??"]
[Round "8"]
[White "Ashley, Maurice"]
[Black "Gurevich, Ilya"]
[Result "0-1"]
[WhiteElo "2460"]
[BlackElo "2585"]
[PlyCount "118"]
[EventDate "1994.02.??"]
[EventType "tourn"]
[EventRounds "11"]
[EventCountry "USA"]
[EventCategory "9"]
[SourceTitle "CBM 043"]
[Source "ChessBase"]
[SourceDate "1994.12.01"]
[SourceVersion "1"]
[SourceVersionDate "1994.12.01"]
[SourceQuality "1"]

1. d4 Nf6 2. Bg5 c5 3. Bxf6 gxf6 4. d5 Qb6 5. Qc1 f5 6. g3 d6 7. Bg2 Nd7 8. Nh3 Nf6 9. Nd2 Bg7 10. 0-0 0-0 11. Rd1 Bd7 12. c3 Qa6 13. Qc2 Rae8 14. e4 b5 15. Ng5 Qc8 16. exf5 Bxf5 17. Nde4 Ng4 18. Bh3 Nh6 19. Rd2 Kh8 20. Bxf5 Qxf5 21. Re1 Qg6 22. Nf3 Nf5 23. Qd1 Rb8 24. Rde2 Rb7 25. Kg2 h5 26. h4 Bh6 27. Neg5 f6 28. Ne4 Rg8 29. Ned2 Bf4 30. Kh1 Rg7 31. Rg1 Bh6 32. Qf1 Rb8 33. Qh3 Rbg8 34. Rge1 Qh7 35. Nf1 Rg4 36. N3h2 Rc4 37. Nf3 b4 38. cxb4 Rxb4 39. b3 Rbg4 40. Re6 a5 41. Qg2 a4 42. N3h2 Rxh4 43. R6e4 axb3 44. axb3 Rxe4 45. Qxe4 Rb8 46. Nf3 Rxb3 47. Kg2 Qg6 48. Nh4 Nxh4+ 49. Qxh4 Rb4 50. Qh3 Re4 51. Qc8+ Kh7 52. Ra1 Qg4 53. Qe8 Qg8 54. Qc6 Rd4 55. Re1 Qxd5+ 56. Qxd5 Rxd5 57. Rxe7+ Kg6 58. Nh2 Rd1 59. Nf3 Bg5 0-1

[Event "New York Marshall/Enhance"]
[Site "New York"]
[Date "1994.??.??"]
[Round "1"]
[White "Gurevich, Ilya"]
[Black "Ashley, Maurice"]
[Result "1-0"]
[WhiteElo "2570"]
[BlackElo "2475"]
[PlyCount "123"]
[EventDate "1994.??.??"]
[EventType "tourn"]
[EventRounds "5"]
[EventCountry "USA"]
[SourceTitle "EXT 1997"]
[Source "ChessBase"]
[SourceDate "1996.11.15"]
[SourceVersion "1"]
[SourceVersionDate "1996.11.15"]
[SourceQuality "1"]

1. e4 c5 2. Nf3 d6 3. Nc3 Nc6 4. Bb5 Bd7 5. 0-0 e6 6. Re1 Be7 7. d4 cxd4 8. Nxd4 Nf6 9. Bf1 0-0 10. a4 a6 11. Nb3 b6 12. g4 Bc8 13. Bg2 Rb8 14. g5 Nd7 15. f4 b5 16. axb5 axb5 17. Qh5 g6 18. Qh6 Re8 19. Re3 Bf8 20. Qh4 Nb4 21. Rh3 h5 22. Qf2 Bg7 23. Bf1 e5 24. f5 d5 25. Bxb5 Rf8 26. Ra4 Nxc2 27. Qxc2 Rxb5 28. Nxb5 Qb6+ 29. Kg2 Qxb5 30. Ra5 Qb8 31. f6 Nxf6 32. gxf6 Bxh3+ 33. Kxh3 Rc8 34. Qd1 Bxf6 35. Rxd5 Rc4 36. Qf3 Qc8+ 37. Kg2 Rc2+ 38. Kh1 Rxc1+ 39. Nxc1 Qxc1+ 40. Rd1 Qc2 41. Rf1 Bg7 42. b3 Qc7 43. Qd3 Bh6 44. Qc4 Qa7 45. b4 Bf4 46. Qe2 Qb7 47. b5 Kh7 48. Qc4 Kg7 49. Kg2 Qb6 50. Rf3 g5 51. Qe2 g4 52. Rc3 Qa5 53. Rb3 Qb6 54. h3 gxh3+ 55. Rxh3 Kf8 56. Rxh5 Qg6+ 57. Kf1 Be3 58. Rh8+ Ke7 59. Qf3 Qb6 60. Kg2 Bc5 61. Qf5 Bd6 62. Rh7 1-0

[Event "Lloyds Bank op 18th"]
[Site "London"]
[Date "1994.??.??"]
[Round "1"]
[White "Gurevich, Ilya"]
[Black "Bartels, Hans A"]
[Result "1-0"]
[WhiteElo "2570"]
[BlackElo "2335"]
[PlyCount "99"]
[EventDate "1994.08.??"]
[EventType "swiss"]
[EventRounds "10"]
[EventCountry "ENG"]
[SourceTitle "EXT 2000"]
[Source "ChessBase"]
[SourceDate "1999.11.16"]
[SourceVersion "1"]
[SourceVersionDate "1999.11.16"]
[SourceQuality "1"]

1. e4 c6 2. d4 d5 3. exd5 cxd5 4. c4 Nf6 5. Nc3 e6 6. Nf3 Bb4 7. cxd5 Nxd5 8. Qc2 Nc6 9. Be2 0-0 10. 0-0 Be7 11. Rd1 Ncb4 12. Qb3 b6 13. a3 Nc6 14. Nxd5 Qxd5 15. Qxd5 exd5 16. b4 Bf6 17. Be3 Bb7 18. Rac1 Rac8 19. g4 g6 20. Bf1 Bg7 21. g5 Rfe8 22. h4 Ne7 23. h5 Nf5 24. Bh3 Rxc1 25. Rxc1 Nxe3 26. Rc7 Ba6 27. fxe3 Rxe3 28. Kf2 Re2+ 29. Kg3 gxh5 30. Rxa7 Bc4 31. Ra8+ Bf8 32. Ne5 Kg7 33. Ra7 Bd6 34. Rxf7+ Kg8 35. Rd7 Bxe5+ 36. dxe5 Rxe5 37. Kf4 Re4+ 38. Kf5 Re3 39. Kf6 Kf8 40. Be6 Ke8 41. Rc7 Rf3+ 42. Bf5 Rxf5+ 43. Kxf5 Kd8 44. Rb7 b5 45. Ke5 Bd3 46. Kxd5 h4 47. Kd6 Kc8 48. Rc7+ Kb8 49. Rc3 Bf5 50. Rf3 1-0

[Event "New York op"]
[Site "New York"]
[Date "1994.??.??"]
[Round "4"]
[White "Gurevich, Ilya"]
[Black "Chow, Albert"]
[Result "1-0"]
[WhiteElo "2585"]
[BlackElo "2310"]
[PlyCount "37"]
[EventDate "1994.03.30"]
[EventType "swiss"]
[EventRounds "9"]
[EventCountry "USA"]
[SourceTitle "CBM 040 Extra"]
[Source "ChessBase"]
[SourceDate "1994.07.01"]
[SourceVersion "1"]
[SourceVersionDate "1994.07.01"]
[SourceQuality "1"]

1. e4 e6 2. d4 d5 3. Nd2 dxe4 4. Nxe4 Nf6 5. Nxf6+ Qxf6 6. Nf3 h6 7. Bd3 Nc6 8. 0-0 Bd6 9. c3 0-0 10. Qe2 e5 11. Qe4 Re8 12. Qh7+ Kf8 13. Re1 Be6 14. Be3 Rad8 15. Be4 exd4 16. Nxd4 Bd7 17. Bxc6 Bxc6 18. Nxc6 bxc6 19. Bg5 1-0

[Event "New York MCC"]
[Site "New York"]
[Date "1994.??.??"]
[Round "5"]
[White "Gurevich, Ilya"]
[Black "Leveille, Francois"]
[Result "1-0"]
[WhiteElo "2585"]
[BlackElo "2370"]
[PlyCount "31"]
[EventDate "1994.02.??"]
[EventType "tourn"]
[EventRounds "11"]
[EventCountry "USA"]
[EventCategory "9"]
[SourceTitle "CBM 043"]
[Source "ChessBase"]
[SourceDate "1994.12.01"]
[SourceVersion "1"]
[SourceVersionDate "1994.12.01"]
[SourceQuality "1"]

1. e4 e6 2. d4 d5 3. Nd2 dxe4 4. Nxe4 Nd7 5. Nf3 Ngf6 6. Nxf6+ Nxf6 7. Bg5 h6 8. Bh4 Be7 9. Bd3 c5 10. Qe2 Qa5+ 11. Kf1 cxd4 12. Rg1 a6 13. g4 g5 14. Bg3 Qd5 15. Be5 b5 16. Bxf6 1-0

[Event "Lloyds Bank op 18th"]
[Site "London"]
[Date "1994.??.??"]
[Round "9"]
[White "Gurevich, Ilya"]
[Black "Morozevich, Alexander"]
[Result "0-1"]
[WhiteElo "2570"]
[BlackElo "2575"]
[PlyCount "226"]
[EventDate "1994.08.??"]
[EventType "swiss"]
[EventRounds "10"]
[EventCountry "ENG"]
[SourceTitle "EXT 2000"]
[Source "ChessBase"]
[SourceDate "1999.11.16"]
[SourceVersion "1"]
[SourceVersionDate "1999.11.16"]
[SourceQuality "1"]

1. e4 d5 2. exd5 Qxd5 3. Nc3 Qa5 4. d4 Nf6 5. Nf3 c6 6. Ne5 Bf5 7. Bc4 e6 8. Bd2 Nbd7 9. Qe2 Bb4 10. 0-0 0-0 11. Bb3 Rad8 12. a3 Bxc3 13. Bxc3 Qc7 14. Rfd1 h6 15. Be1 a5 16. a4 b6 17. f3 Nxe5 18. dxe5 Nd5 19. Bg3 Rd7 20. Rd2 Rfd8 21. Rad1 Ne7 22. h4 Bg6 23. Rd6 Nf5 24. Rxd7 Rxd7 25. Rxd7 Qxd7 26. Bf2 c5 27. h5 Bxh5 28. g4 Nd4 29. Qd1 Bg6 30. c3 Nxf3+ 31. Qxf3 Qd2 32. Bd1 Qxb2 33. Kg2 Qb1 34. Kg3 Qa2 35. Be1 Qc4 36. Qf4 Qd3+ 37. Qf3 Qc4 38. Qe3 Bb1 39. Qf4 Qd5 40. Bf3 Qd7 41. Qc1 Bg6 42. Qb2 Qxa4 43. Qxb6 Qa1 44. Qd8+ Kh7 45. Bd1 a4 46. Qd2 a3 47. Bb3 Qb1 48. Ba2 Qe4 49. Bf2 Qxe5+ 50. Kh3 h5 51. Qe3 Be4 52. gxh5 Qxh5+ 53. Kg3 f5 54. Kf4 Bd5 55. Bxd5 exd5 56. Qxc5 a2 57. Qa7 Qg4+ 58. Ke5 Qe4+ 59. Kd6 Qf4+ 60. Kxd5 Qf3+ 61. Ke6 a1Q 62. Qxa1 Qxf2 63. Kf7 Qh4 64. Qa6 Qh5+ 65. Kf8 Qg6 66. Qe2 Qf6+ 67. Ke8 g5 68. c4 f4 69. c5 Kg7 70. Kd7 f3 71. Qf2 Qf5+ 72. Ke7 Qe4+ 73. Kd7 Qe2 74. Qd4+ Kh7 75. Qg4 Kg6 76. c6 Qd3+ 77. Kc8 Kf6 78. Qh3 Qf5+ 79. Qxf5+ Kxf5 80. c7 f2 81. Kb7 f1Q 82. c8Q+ Kg6 83. Qg8+ Kh5 84. Qh7+ Kg4 85. Qe4+ Qf4 86. Qg2+ Kf5 87. Qd5+ Qe5 88. Qf3+ Kg6 89. Qd3+ Qf5 90. Qd6+ Qf6 91. Qd3+ Kg7 92. Qe4 Qf7+ 93. Kc6 Kh6 94. Kc5 Qf2+ 95. Kb5 Kh5 96. Qh7+ Kg4 97. Qe4+ Kg3 98. Qe5+ Kh4 99. Qe7 Qf5+ 100. Ka6 Kh5 101. Qe2+ g4 102. Kb6 Qf4 103. Qd1 Qf3 104. Qc2 g3 105. Qh7+ Kg4 106. Qd7+ Qf5 107. Qd1+ Kh4 108. Qh1+ Kg5 109. Qc1+ Qf4 110. Qc5+ Kh4 111. Qe7+ Kh3 112. Ka5 g2 113. Qh7+ Kg4 0-1

[Event "Lloyds Bank op 18th"]
[Site "London"]
[Date "1994.??.??"]
[Round "4"]
[White "Hebden, Mark"]
[Black "Gurevich, Ilya"]
[Result "1/2-1/2"]
[WhiteElo "2520"]
[BlackElo "2570"]
[PlyCount "90"]
[EventDate "1994.08.??"]
[EventType "swiss"]
[EventRounds "10"]
[EventCountry "ENG"]
[SourceTitle "EXT 2000"]
[Source "ChessBase"]
[SourceDate "1999.11.16"]
[SourceVersion "1"]
[SourceVersionDate "1999.11.16"]
[SourceQuality "1"]

1. e4 c5 2. Nc3 e6 3. Nf3 d6 4. g3 Nc6 5. Bg2 Nf6 6. d4 cxd4 7. Nxd4 Bd7 8. 0-0 a6 9. a4 Rc8 10. Nxc6 Bxc6 11. a5 d5 12. exd5 Nxd5 13. Nxd5 Bxd5 14. Bxd5 Qxd5 15. Qxd5 exd5 16. c3 Kd7 17. Rd1 Ke6 18. Be3 Bc5 19. Rd3 Bxe3 20. Rxe3+ Kd6 21. Rd1 Rhd8 22. Red3 Ke6 23. Rd4 Rd7 24. Rh4 h6 25. Rg4 f6 26. Kg2 Rc5 27. Ra4 Rdc7 28. Re1+ Kf7 29. Rd1 Rb5 30. Rd2 Ke6 31. Re2+ Kd6 32. Rd2 Rcc5 33. Rg4 g5 34. h4 Rb3 35. hxg5 hxg5 36. Ra4 Rcb5 37. Ra2 f5 38. f4 gxf4 39. gxf4 Ke6 40. Re2+ Kf6 41. Rd2 Ke6 42. Kf2 Rc5 43. Ra1 Rc4 44. Kf3 Re4 45. Rad1 d4 1/2-1/2

[Event "Lloyds Bank op 18th"]
[Site "London"]
[Date "1994.??.??"]
[Round "2"]
[White "Lodhi, Mahmood"]
[Black "Gurevich, Ilya"]
[Result "0-1"]
[WhiteElo "2450"]
[BlackElo "2570"]
[PlyCount "84"]
[EventDate "1994.08.??"]
[EventType "swiss"]
[EventRounds "10"]
[EventCountry "ENG"]
[SourceTitle "EXT 2000"]
[Source "ChessBase"]
[SourceDate "1999.11.16"]
[SourceVersion "1"]
[SourceVersionDate "1999.11.16"]
[SourceQuality "1"]

1. d4 Nf6 2. Nf3 g6 3. c4 Bg7 4. Nc3 d5 5. g3 dxc4 6. Qa4+ c6 7. Qxc4 0-0 8. Bg2 Na6 9. 0-0 Bf5 10. Ne5 Qc8 11. Rd1 Bh3 12. Bh1 Nc7 13. e4 Nd7 14. Nxd7 Qxd7 15. Be3 Rfd8 16. Qb3 Be6 17. d5 cxd5 18. exd5 Bg4 19. Rd2 Ne8 20. Ne4 Nd6 21. Nxd6 exd6 22. Rc2 Bf5 23. Rc4 Rac8 24. Rac1 Rxc4 25. Rxc4 Rc8 26. Rxc8+ Qxc8 27. Bf3 b6 28. h4 Be5 29. Kh2 h5 30. Bd1 Be4 31. f3 Bf5 32. Kg2 Qa6 33. Kf2 Bd3 34. Qa3 Qb5 35. b3 Qxd5 36. Qxa7 Bb5 37. Qxb6 Qd3 38. Kg2 Qf1+ 39. Kh2 Bd3 40. Bf2 Qxd1 41. Qe3 Be2 42. Kg2 Kh7 0-1

[Event "World op 22nd"]
[Site "Philadelphia"]
[Date "1994.??.??"]
[Round "?"]
[White "Yakovich, Yuri"]
[Black "Gurevich, Ilya"]
[Result "1-0"]
[WhiteElo "2520"]
[BlackElo "2585"]
[PlyCount "99"]
[EventDate "1994.06.??"]
[EventType "swiss"]
[EventRounds "9"]
[EventCountry "USA"]
[SourceTitle "EXT 1997"]
[Source "ChessBase"]
[SourceDate "1996.11.15"]
[SourceVersion "1"]
[SourceVersionDate "1996.11.15"]
[SourceQuality "1"]

1. d4 Nf6 2. c4 g6 3. Nc3 d5 4. cxd5 Nxd5 5. e4 Nxc3 6. bxc3 Bg7 7. Bb5+ c6 8. Ba4 Be6 9. Ne2 Bc4 10. Bb3 Bxb3 11. axb3 0-0 12. 0-0 Nd7 13. Bg5 c5 14. d5 b5 15. Ra6 Nb6 16. Qc2 Qd7 17. c4 e6 18. Be3 Rfc8 19. Qa2 exd5 20. exd5 Qb7 21. Rc1 Nd7 22. Nc3 Ne5 23. Nxb5 Nd3 24. Rd1 Nb4 25. Rxa7 Qxd5 26. Rxd5 Nxa2 27. Rxc5 Rd8 28. Rxa8 Rxa8 29. g3 Bf8 30. Rc7 Nc1 31. Nd4 Nd3 32. Kg2 h5 33. Kf3 Bd6 34. Rb7 Ra2 35. Nb5 Bc5 36. Nc3 Rc2 37. Bxc5 Nxc5 38. Rb8+ Kg7 39. Ne2 Nd3 40. Ke3 Ne1 41. Nf4 Kf6 42. h4 Ke7 43. Rb7+ Ke8 44. Rb5 Ke7 45. c5 Kf6 46. b4 Rb2 47. c6 Ke7 48. Rb7+ Kd6 49. b5 Rb3+ 50. Ke2 1-0

[Event "St Martin op"]
[Site "St Martin"]
[Date "1993.??.??"]
[Round "9"]
[White "Ehlvest, Jaan"]
[Black "Gurevich, Ilya"]
[Result "1-0"]
[WhiteElo "2625"]
[BlackElo "2515"]
[PlyCount "93"]
[EventDate "1993.05.??"]
[EventType "swiss"]
[EventRounds "9"]
[EventCountry "FRA"]
[SourceTitle "TD"]
[Source "ChessBase"]
[SourceDate "1994.03.01"]
[SourceVersion "1"]
[SourceVersionDate "1994.03.01"]
[SourceQuality "1"]

1. e4 c5 2. Nf3 d6 3. d4 cxd4 4. Nxd4 Nf6 5. Nc3 a6 6. Be2 e5 7. Nb3 Be7 8. 0-0 0-0 9. Kh1 Nc6 10. f4 exf4 11. Bxf4 Be6 12. Qe1 Ne8 13. Nd5 Bg5 14. Bg3 Ne5 15. Rd1 Bxd5 16. Rxd5 Nf6 17. Rd1 Qc7 18. Rf5 Bh6 19. Rxf6 gxf6 20. Nd4 Rfe8 21. Nf5 Bf8 22. c3 Qc6 23. Rd4 b5 24. Bd1 Re6 25. Bb3 Nc4 26. Bh4 Rae8 27. Bxc4 bxc4 28. h3 Qc5 29. Qg3+ Kh8 30. Qg4 Qc7 31. Bg3 Rd8 32. Kh2 Qb7 33. Rxc4 Rde8 34. Rb4 Qa8 35. Bh4 d5 36. Rd4 Qb8+ 37. Bg3 Qxb2 38. exd5 Re2 39. Bh4 Qb8+ 40. d6 R2e6 41. Bg3 Qb6 42. Qh5 Qc5 43. Rh4 h6 44. d7 Rd8 45. Qg4 Kh7 46. Qf4 Kg6 47. Rxh6+ 1-0

[Event "New York op"]
[Site "New York"]
[Date "1993.??.??"]
[Round "9"]
[White "Epishin, Vladimir"]
[Black "Gurevich, Ilya"]
[Result "0-1"]
[WhiteElo "2620"]
[BlackElo "2515"]
[PlyCount "92"]
[EventDate "1993.04.07"]
[EventType "swiss"]
[EventRounds "9"]
[EventCountry "USA"]
[SourceTitle "TD"]
[Source "ChessBase"]
[SourceDate "1994.03.01"]
[SourceVersion "1"]
[SourceVersionDate "1994.03.01"]
[SourceQuality "1"]

1. d4 Nf6 2. c4 g6 3. Nc3 d5 4. cxd5 Nxd5 5. e4 Nxc3 6. bxc3 Bg7 7. Be3 c5 8. Qd2 Qa5 9. Rb1 b6 10. Bb5+ Bd7 11. Be2 0-0 12. Rc1 Rd8 13. d5 Qa4 14. Bd3 e6 15. Ne2 exd5 16. exd5 Bg4 17. Nf4 Bc8 18. 0-0 Nd7 19. Bc2 Qxa2 20. Nh5 Nf6 21. Nxg7 Rxd5 22. Qe2 Ba6 23. Qf3 Kxg7 24. Rfe1 Re8 25. h4 Bc8 26. c4 Rd6 27. h5 Rde6 28. h6+ Kg8 29. Re2 Qa3 30. Rce1 Qc3 31. Ba4 Bd7 32. Bxd7 Nxd7 33. Qb7 Nf8 34. Qxa7 Qxc4 35. Qa1 f6 36. Rd2 Qh4 37. g3 Qxh6 38. Rd8 Qg7 39. Red1 g5 40. Qa8 Qf7 41. Qb8 Rxd8 42. Rxd8 Kg7 43. Qc8 Re7 44. Rd6 Rd7 45. Rxb6 Rd1+ 46. Kg2 Qh5 0-1

[Event "Hastings 9394"]
[Site "Hastings"]
[Date "1993.??.??"]
[Round "2"]
[White "Gurevich, Ilya"]
[Black "Barua, Dibyendu"]
[Result "0-1"]
[WhiteElo "2575"]
[BlackElo "2510"]
[PlyCount "80"]
[EventDate "1993.12.??"]
[EventType "tourn"]
[EventRounds "9"]
[EventCountry "ENG"]
[EventCategory "12"]
[SourceTitle "CBM 039"]
[Source "ChessBase"]
[SourceDate "1994.04.01"]
[SourceVersion "1"]
[SourceVersionDate "1994.04.01"]
[SourceQuality "1"]

1. e4 e5 2. Nf3 Nf6 3. d4 Nxe4 4. Bd3 d5 5. Nxe5 Nd7 6. Nxd7 Bxd7 7. 0-0 Qh4 8. c4 0-0-0 9. c5 g5 10. Be3 Nf6 11. Nd2 Rg8 12. Nf3 Qh5 13. Ne5 Qxd1 14. Raxd1 Be6 15. f4 gxf4 16. Bxf4 Ne4 17. c6 f6 18. cxb7+ Kxb7 19. Nc4 f5 20. Na5+ Kb6 21. Rc1 c5 22. b4 c4 23. Bxe4 fxe4 24. a3 Rg6 25. b5 Kxa5 26. Bc7+ Ka4 27. Bxd8 Bg7 28. Kh1 Bxd4 29. Rb1 e3 30. Rb4+ Kxa3 31. Be7 Ka2 32. Re1 Bg4 33. h3 Re6 34. Ra4+ Kb2 35. Bg5 Kb3 36. Ra6 Rxa6 37. bxa6 Bf5 38. Bxe3 Bxe3 39. Rxe3+ c3 40. Kh2 Be4 0-1

[Event "St Martin op"]
[Site "St Martin"]
[Date "1993.??.??"]
[Round "7"]
[White "Gurevich, Ilya"]
[Black "Fedorowicz, John P"]
[Result "1/2-1/2"]
[WhiteElo "2515"]
[BlackElo "2535"]
[PlyCount "29"]
[EventDate "1993.05.??"]
[EventType "swiss"]
[EventRounds "9"]
[EventCountry "FRA"]
[SourceTitle "TD"]
[Source "ChessBase"]
[SourceDate "1994.03.01"]
[SourceVersion "1"]
[SourceVersionDate "1994.03.01"]
[SourceQuality "1"]

1. d4 Nf6 2. Nf3 g6 3. g3 Bg7 4. Bg2 0-0 5. 0-0 d6 6. c4 Nbd7 7. Nc3 e5 8. e4 c6 9. h3 a5 10. Re1 Re8 11. Be3 exd4 12. Nxd4 Nc5 13. Qc2 a4 14. Rad1 Qa5 15. Re2 1/2-1/2

[Event "St Martin op"]
[Site "St Martin"]
[Date "1993.??.??"]
[Round "3"]
[White "Gurevich, Ilya"]
[Black "Jost, Claude"]
[Result "1-0"]
[WhiteElo "2515"]
[BlackElo "2340"]
[PlyCount "83"]
[EventDate "1993.05.??"]
[EventType "swiss"]
[EventRounds "9"]
[EventCountry "FRA"]
[SourceTitle "TD"]
[Source "ChessBase"]
[SourceDate "1994.03.01"]
[SourceVersion "1"]
[SourceVersionDate "1994.03.01"]
[SourceQuality "1"]

1. e4 e5 2. Nf3 Nc6 3. Bb5 Nf6 4. 0-0 Bc5 5. c3 0-0 6. d4 Bb6 7. dxe5 Nxe4 8. Qd5 Nc5 9. Bg5 Ne7 10. Qd1 Ne4 11. Bh4 d5 12. Nbd2 Nxd2 13. Qxd2 c6 14. Bd3 Qc7 15. Qc2 h6 16. Rfe1 Be6 17. a4 a6 18. Nd4 Qd7 19. Kh1 Bxd4 20. Bxe7 Qxe7 21. cxd4 Qh4 22. Qd2 Qh5 23. f4 Bf5 24. Qc2 Bxd3 25. Qxd3 g6 26. Re3 Qf5 27. Qxf5 gxf5 28. Rb3 Rab8 29. Rb6 a5 30. Ra3 Rfc8 31. Kg1 Kf8 32. Kf2 Ke7 33. Rh3 c5 34. dxc5 Rxc5 35. Rhxh6 Rc4 36. Kf3 Rxa4 37. Rhd6 d4 38. b3 Rb4 39. Rxb4 axb4 40. Rxd4 Rc8 41. Rxb4 Rc3+ 42. Kf2 1-0

[Event "Interzonal-16"]
[Site "Biel"]
[Date "1993.??.??"]
[Round "5"]
[White "Gurevich, Ilya"]
[Black "Lesiege, Alexandre"]
[Result "1-0"]
[WhiteElo "2575"]
[BlackElo "2485"]
[PlyCount "103"]
[EventDate "1993.07.16"]
[EventType "swiss"]
[EventRounds "13"]
[EventCountry "SUI"]
[SourceTitle "CBM 037"]
[Source "ChessBase"]
[SourceDate "1993.12.01"]
[SourceVersion "1"]
[SourceVersionDate "1993.12.01"]
[SourceQuality "1"]

1. e4 c5 2. Nf3 e6 3. d4 cxd4 4. Nxd4 Nf6 5. Nc3 d6 6. Be2 Be7 7. 0-0 0-0 8. f4 Nc6 9. Kh1 Qc7 10. Be3 Bd7 11. Nb3 a6 12. a4 b6 13. Bf3 Rfc8 14. Qe2 Be8 15. Qf2 Rab8 16. Qg3 Na5 17. Nd2 b5 18. e5 dxe5 19. fxe5 Nd7 20. axb5 axb5 21. Nce4 Nb7 22. Bf4 Kh8 23. c3 Nbc5 24. Bh5 Nxe4 25. Nxe4 b4 26. Nf6 bxc3 27. bxc3 g6 28. Qh4 Nf8 29. Bg4 Bc6 30. Rf2 Be4 31. Re1 Qxc3 32. Rfe2 Bd3 33. Re3 Rb2 34. Bh6 Qc2 35. Rg1 Rb1 36. Bxf8 Rxg1+ 37. Kxg1 g5 38. Qg3 Bxf8 39. Rxd3 Qb1+ 40. Rd1 Rc1 41. Qe1 Bc5+ 42. Kf1 Rxd1 43. Qxd1 Qxd1+ 44. Bxd1 Bd4 45. Nd7 Kg7 46. g4 f6 47. exf6+ Bxf6 48. Nxf6 Kxf6 49. Kg2 h5 50. h3 Ke5 51. Kf3 Kd4 52. Bc2 1-0

[Event "Hastings 9394"]
[Site "Hastings"]
[Date "1993.??.??"]
[Round "9"]
[White "Gurevich, Ilya"]
[Black "Sadler, Matthew D"]
[Result "0-1"]
[WhiteElo "2575"]
[BlackElo "2535"]
[PlyCount "72"]
[EventDate "1993.12.??"]
[EventType "tourn"]
[EventRounds "9"]
[EventCountry "ENG"]
[EventCategory "12"]
[SourceTitle "CBM 039"]
[Source "ChessBase"]
[SourceDate "1994.04.01"]
[SourceVersion "1"]
[SourceVersionDate "1994.04.01"]
[SourceQuality "1"]

1. e4 c5 2. Nf3 d6 3. d4 cxd4 4. Nxd4 Nf6 5. Nc3 a6 6. Be2 e6 7. 0-0 Be7 8. f4 0-0 9. a4 Nc6 10. Be3 Qc7 11. Kh1 Re8 12. Bf3 Rb8 13. Qd2 Bd7 14. Nb3 b6 15. Rad1 Bc8 16. Qf2 Nd7 17. Qg3 Bf8 18. f5 Nce5 19. Be2 Kh8 20. Nd4 Bb7 21. Qh3 exf5 22. Nxf5 Nc5 23. Bd3 Qd7 24. Rf4 g6 25. Rh4 f6 26. Bxc5 bxc5 27. Bxa6 Bxa6 28. Nd5 Qf7 29. Nfe3 g5 30. Rh5 Be2 31. Nxf6 Bxh5 32. Nxh5 g4 33. Nxg4 Nxg4 34. Qxg4 Rxb2 35. h3 Rxc2 36. Rd5 Re5 0-1

[Event "Las Vegas National op"]
[Site "Las Vegas"]
[Date "1993.??.??"]
[Round "4"]
[White "Kamsky, Gata"]
[Black "Gurevich, Ilya"]
[Result "1-0"]
[WhiteElo "2655"]
[BlackElo "2515"]
[PlyCount "97"]
[EventDate "1993.06.??"]
[EventType "swiss"]
[EventRounds "6"]
[EventCountry "USA"]
[SourceTitle "EXT 1997"]
[Source "ChessBase"]
[SourceDate "1996.11.15"]
[SourceVersion "1"]
[SourceVersionDate "1996.11.15"]
[SourceQuality "1"]

1. e4 e5 2. Nf3 Nc6 3. Bb5 a6 4. Ba4 Nf6 5. 0-0 Be7 6. Re1 b5 7. Bb3 d6 8. c3 0-0 9. h3 Bb7 10. d4 Re8 11. Nbd2 Bf8 12. d5 Nb8 13. Nh2 Nbd7 14. Ng4 Nc5 15. Bc2 c6 16. c4 Rc8 17. b3 bxc4 18. bxc4 cxd5 19. cxd5 Nfd7 20. Ne3 a5 21. Nb3 Qc7 22. Bd2 Ra8 23. Rc1 Red8 24. Nc4 Nxb3 25. Bxb3 Nc5 26. Be3 Rdc8 27. Nb2 Ba6 28. Bxc5 dxc5 29. Ba4 Rcb8 30. Qc2 Bc8 31. Bb5 Qe7 32. a4 Qg5 33. Re3 Rb6 34. Rg3 Qe7 35. Nc4 Rh6 36. Qd2 Rf6 37. Rg5 Qc7 38. Rxe5 Bd7 39. Rg5 Bxb5 40. axb5 a4 41. e5 Rh6 42. Rg4 Rh5 43. Qd3 Qb7 44. b6 g6 45. d6 Re8 46. Qe4 Qa6 47. Rg3 Bg7 48. d7 Rd8 49. e6 1-0